Профессиональная коммуникация в сфере юриспруденции (Запись № 11015244)

Подробности
000 -МАРКЕР
контрольное поле 01856nam0a2200289 i 4500
001 - ИДЕНТИФИКАТОР ЗАПИСИ
контрольное поле RU\NLR\BIBL_A\011309773
005 - ИДЕНТИФИКАТОР ВЕРСИИ
контрольное поле 20260405191633.0
010 ## - МЕЖДУНАРОДНЫЙ СТАНДАРТНЫЙ НОМЕР КНИГИ (ISBN)
Номер (ISBN) 9785431702044
Тираж 150
021 ## - НОМЕР ГОСУДАРСТВЕННОЙ РЕГИСТРАЦИИ
Код страны Российская Федерация
Номер 2016-95621
Номер Листа государственной регистраци 6333
035 ## - ДРУГИЕ СИСТЕМНЫЕ НОМЕРА
Идентификатор записи (NLR Aleph) 011309773
100 ## - ДАННЫЕ ОБЩЕЙ ОБРАБОТКИ
Данные общей обработки 20170116d2016 u y0rusy50 ca
101 0# - ЯЗЫК РЕСУРСА
Язык текста, звукозаписи и т.д. русский
Язык оригинала английский
102 ## - СТРАНА ПУБЛИКАЦИИ ИЛИ ПРОИЗВОДСТВА
Страна публикации Российская Федерация
105 ## - ПОЛЕ КОДИРОВАННЫХ ДАННЫХ: ТЕКСТОВЫЕ МАТЕРИАЛЫ, МОНОГРАФИЧЕСКИЕ
Кодированные данные о монографическом текстовом документе y|||j|||000zy
200 1# - ЗАГЛАВИЕ И СВЕДЕНИЯ ОБ ОТВЕТСТВЕННОСТИ
Основное заглавие Профессиональная коммуникация в сфере юриспруденции
Сведения, относящиеся к заглавию учебное пособие
-- для студентов юридического факультета
Первые сведения об ответственности В.В. Левченко, Е.А. Соколова
Последующие сведения об ответственности М-во образования и науки Рос. Федерации, Федер. гос. автоном. образоват. учреждение высш. образования "Сам. нац. исслед. ун-т им. акад. С.П. Королёва", Каф. иностр. яз. и проф. коммуникации
210 ## - ПУБЛИКАЦИЯ, РАСПРОСТРАНЕНИЕ И ДР.
Место издания, распространения и т.д. Самара
Имя издателя, распространителя и т. д. Инсома-пресс
Дата издания, распространения и т.д. 2016
215 ## - ФИЗИЧЕСКАЯ ХАРАКТЕРИСТИКА
Специфическое обозначение материала и объем 106 с.
Размеры 20
320 ## - ПРИМЕЧАНИЯ О НАЛИЧИИ В ДОКУМЕНТЕ БИБЛИОГРАФИИ / УКАЗАТЕЛЯ
Текст примечания Библиогр.: с. 106 (11 назв.)
606 1# - НАИМЕНОВАНИЕ ТЕМЫ КАК ПРЕДМЕТ
Наименование темы Юристы
Формальный подзаголовок Учебные издания для высших учебных заведений
Тематический подзаголовок Профессиональная деятельность
Географический подзаголовок Российская Федерация
Системный номер авторитетной/нормативной записи 2156243
Идентификатор авторитетной/нормативной записи RU\NLR\AUTH\661298084
686 1# - ИНДЕКСЫ ДРУГИХ КЛАССИФИКАЦИЙ
Индекс Х62п.я73
700 #1 - ИМЯ ЛИЦА - ПЕРВИЧНАЯ ОТВЕТСТВЕННОСТЬ
Материалы, к которым относится поле rus
Графика поля Кириллица
Начальный элемент ввода Левченко
Часть имени, кроме начального элемента ввода В. В.
Дополнения к именам, кроме дат д-р пед. наук
Расширение инициалов личного имени Виктория Вячеславовна
Идентификатор авторитетной/нормативной записи RU\NLR\AUTH\7783646
Системный номер авторитетной/нормативной записи 66574
701 #1 - ИМЯ ЛИЦА - АЛЬТЕРНАТИВНАЯ ОТВЕТСТВЕННОСТЬ
Начальный элемент ввода Соколова
Часть имени, кроме начального элемента ввода Е. А.
Дополнения к именам, кроме дат канд. пед. наук, английский язык, менеджмент
Расширение инициалов личного имени Елена Александровна
Системный номер авторитетной/нормативной записи 142545
Идентификатор авторитетной/нормативной записи RU\NLR\AUTH\770142581
942 ## - ДОПОЛНИТЕЛЬНЫЕ ЭЛЕМЕНТЫ ЗАПИСИ (АБИС)
Тип экземпляра АБИС Книга
980 ## - КОЛЛЕКЦИЯ
Название коллекции НБР

Нет доступных экземпляров.